000
00239nam a22000977a 4500
005
20250901165431.0
008
210330b ||||| |||| 00| 0 eng d
050
_a
HD47.3 .B47 1964
245
_a
Purchasing guide
_c
BERRY, HAROLD A.
942
_2
lcc
999
_c
3897
_d
3897